Институт кураторов ТПУ сегодня; Уровневая подготовка специалистов: государственные и международные стандарты инженерного образования

Podrobná bibliografie
Parent link:Уровневая подготовка специалистов: государственные и международные стандарты инженерного образования.— 2011.— [С. 18-19]
Hlavní autor: Ведяшкин М. В. Максим Викторович
Korporativní autor: Национальный исследовательский Томский политехнический университет (ТПУ)
Další autoři: Никифорова О. А. Ольга Александровна, Иванова В. С. Вероника Сергеевна
Shrnutí:Заглавие с титульного листа
Jazyk:ruština
Vydáno: 2011
Témata:
On-line přístup:http://www.lib.tpu.ru/fulltext/c/2011/C09/004.pdf
Médium: MixedMaterials Elektronický zdroj Kapitola
KOHA link:https://koha.lib.tpu.ru/cgi-bin/koha/opac-detail.pl?biblionumber=231427

MARC

LEADER 00000nla2a2200000 4500
001 231427
005 20231221154806.0
035 |a (RuTPU)RU\TPU\book\252446 
035 |a RU\TPU\book\252442 
090 |a 231427 
100 |a 20130201d2011 k y0rusy50 ca 
101 0 |a rus 
102 |a RU 
105 |a y z 101zy 
135 |a drnn ---uucaa 
181 0 |a i  
182 0 |a b 
200 1 |a Институт кураторов ТПУ сегодня  |f М. В. Ведяшкин, О. А. Никифорова, В. С. Иванова 
203 |a Текст  |c электронный 
215 |a 1 файл (180 Кб) 
300 |a Заглавие с титульного листа 
337 |a Adobe Reader 
463 1 |0 (RuTPU)RU\TPU\book\243018  |t Уровневая подготовка специалистов: государственные и международные стандарты инженерного образования  |o сборник трудов научно-методической конференции, 10-11 марта 2011 г., Томск  |f Национальный исследовательский Томский политехнический университет (ТПУ)  |v [С. 18-19]  |d 2011 
610 1 |a труды учёных ТПУ 
610 1 |a электронный ресурс 
610 1 |a институциональная социология 
610 1 |a институциональная культура 
610 1 |a кураторство 
610 1 |a кураторы 
610 1 |a ТПУ 
700 1 |a Ведяшкин  |b М. В.  |c специалист в области электромеханики, электрических двигателей  |f 1978-  |g Максим Викторович  |3 (RuTPU)RU\TPU\pers\28336 
701 1 |a Никифорова  |b О. А.  |c специалист в области социальной работы  |c руководитель Центра социальной работы Томского политехнического университета  |g Ольга Александровна  |3 (RuTPU)RU\TPU\pers\25943 
701 1 |a Иванова  |b В. С.  |c специалист в области приборостроения  |c доцент Томского политехнического университета, ведущий эксперт, кандидат технических наук  |f 1977-  |g Вероника Сергеевна  |3 (RuTPU)RU\TPU\pers\24509  |9 10828 
712 0 2 |a Национальный исследовательский Томский политехнический университет (ТПУ)  |c (2009- )  |3 (RuTPU)RU\TPU\col\15902 
801 1 |a RU  |b 63413507  |c 20120830 
801 2 |a RU  |b 63413507  |c 20141107  |g RCR 
856 4 |u http://www.lib.tpu.ru/fulltext/c/2011/C09/004.pdf 
942 |c CF